All Dandadan Arcs - Statistics

General Stats
  • This quiz has been taken 152 times
  • The average score is 5 of 10
Answer Stats
Chapters Answer % Correct
(166+) Current
100%
(1 - 8) Turbo Granny
80%
(51 - 62) Evil Eye
75%
(63 - 73) Kaiju
52%
(9 - 17) Acro Silky
48%
(18 - 27) Serpo
46%
(28 - 50) Cursed House
40%
(74 - 120) Space Globalists
35%
(129 - 165) Danmara
28%
(120 - 128) Ombusman
23%
No matching quizzes found
Score Distribution
Percent of People with Each Score
Percentile by Number Answered
Your Score History
You have not taken this quiz